| 000 | 01007nam a22002657a 4500 | ||
|---|---|---|---|
| 999 |
_c9446 _d9446 |
||
| 003 | AR-CdUCM | ||
| 008 | 190328b ||||| |||| 00| 0 spa d | ||
| 020 | _a978-9972-9257-9-5 | ||
| 040 |
_aMUNICIPALIDAD PROVINCIAL DEL CUSCO _cBIBLIOTECA MUNICIPAL DEL CUSCO |
||
| 082 |
_a630.201063 / _bP46 |
||
| 110 |
_aSeminario Permanente de Investigación Agraria _921114 |
||
| 245 | _aPerú, el problema agrario en debate / | ||
| 260 |
_aLima : _bSEPIA, _bOxfam, _c2008. |
||
| 300 |
_a686 paginas ; _bMapas, cuadros, ilustraciones, dibujos, _c21 cm. |
||
| 505 | _aContenido: Industrias extractivas, agricultura y uso de recursos naturales -- Ganadería y sociedades pastoriles -- Agricultura comercial moderna. | ||
| 650 |
_aAgricultura y Estados _925639 |
||
| 650 |
_aPeru _9429 |
||
| 650 |
_aCongresos _92448 |
||
| 650 |
_aDesarrollo Agricola _91453 |
||
| 700 |
_aDamonte, Gerardo _921118 |
||
| 700 |
_aFulcrand, Bernardo _921119 |
||
| 700 |
_aGómez, Rosario _921120 |
||
| 942 |
_2ddc _cLIBROS |
||
| 945 | _apjha | ||